| 000 | 00816 am a22001934a 4500 | ||
|---|---|---|---|
| 008 | 120219s2011 qa g 000 0 ara d | ||
| 020 | _a9789992179130 | ||
| 082 | 0 | 4 |
_a320.962 _2 21 _bف ض ل |
| 100 | 1 |
_aفضل، بلال. _923854 |
|
| 245 | 1 |
_aأليس الصبح بقريب ؟ : _b شهادتي على مصر قبيل إسقاط نظام مبارك (2008 - 2010) / _cبلال فضل. |
|
| 250 | _aط. 1. | ||
| 260 |
_aالدوحة : _bدار بلومزبري - مؤسسة قطر للنشر، _c 2011. |
||
| 300 |
_a255 ص. ؛ _c 24 سم. |
||
| 500 | _aالجزء الأول 2008 - 2010 | ||
| 651 | 4 |
_aمصر _x الأحوال السياسية. _932417 |
|
| 651 | 4 |
_aمصر _x تاريخ _y العصر الحديث _x حسني مبارك (1981 - 2011) _932415 |
|
| 653 |
_bAra _cFebruary2013 |
||
| 942 |
_2ddc _cBB |
||
| 999 |
_c17237 _d17209 |
||